Life in the slow lane (Record no. 71031)

MARC details
000 -LEADER
fixed length control field 01032cam a2200205 4500
001 - CONTROL NUMBER
control field ABS65892
008 - FIXED-LENGTH DATA ELEMENTS--GENERAL INFORMATION
fixed length control field 020829n2002 000 0 eng u
035 ## - SYSTEM CONTROL NUMBER
System control number (Sirsi) u119473
041 0# - LANGUAGE CODE
Language code of text/sound track or separate title eng
100 1# - MAIN ENTRY--PERSONAL NAME
Personal name Hobey, M.
245 00 - TITLE STATEMENT
Title Life in the slow lane
260 ## - PUBLICATION, DISTRIBUTION, ETC.
Date of publication, distribution, etc. 2002
490 #0 - SERIES STATEMENT
Series statement Municipal Journal
Volume/sequential designation 22 August 2002, 11(1)
520 ## - SUMMARY, ETC.
Summary, etc. Discusses congestion charging in London and other cities. Argues that after Westminster Council's application for a judicial review was lost the charging scheme for the capital now seems inevitable. This is despite its apparent unpopularity. Notes that some other areas of the UK such as Durham are starting to develop schemes for charging but other places like Leeds, Bristol and Edinburgh are sensibly waiting for significant improvements in public transport before charging the public.
590 ## - LOCAL NOTE (RLIN)
Local note ABS
650 24 - SUBJECT ADDED ENTRY--TOPICAL TERM
Topical term or geographic name entry element LONDON CONGESTION CHARGE ZONE
651 #4 - SUBJECT ADDED ENTRY--GEOGRAPHIC NAME
Geographic name United Kingdom
Chronological subdivision
690 ## - LOCAL SUBJECT ADDED ENTRY--TOPICAL TERM (OCLC, RLIN)
Topical term or geographic name as entry element PROPERTY-INFRASTRUCTURE-TRANSPORT INFRASTRUCTURE-ROAD INFRASTRUCTURE
942 ## - ADDED ENTRY ELEMENTS (KOHA)
Suppress in OPAC 0
Holdings
Withdrawn status Lost status Source of classification or shelving scheme Damaged status Not for loan Home library Current library Shelving location Date acquired Total Checkouts Full call number Barcode Date last seen Copy number Price effective from Koha item type
    Dewey Decimal Classification     London London Journal article 29/08/2002   ABS65892 119473-1001 06/08/2019 1 06/08/2019 Journal article